Online Catalogue and eLibrary

Caste and nation- Building (Record no. 5894)

MARC details
000 -LEADER
fixed length control field 00637nam a22002177a 4500
005 - DATE AND TIME OF LATEST TRANSACTION
control field 20240613011030.0
008 - FIXED-LENGTH DATA ELEMENTS--GENERAL INFORMATION
fixed length control field 240613b |||||||| |||| 00| 0 eng d
020 ## - INTERNATIONAL STANDARD BOOK NUMBER
ISBN 9789162896072
082 ## - DDC Classification
DDC Edition Number 22
Class No. 305
Item Number - Author Mark CAS
100 ## - MAIN ENTRY--PERSONAL NAME
Personal name Rasanen, jeeweshwaran Bahirathy
245 ## - TITLE STATEMENT
Title Caste and nation- Building
Remainder of title Constructing Vellalah identity in Jaffna
Statement of responsibility, etc. Bahirathy jeeweshwara rasanen
260 ## - PUBLICATION, DISTRIBUTION, ETC.
Place of publication, distribution, etc. Sweden
Name of publisher, distributor, etc. University of Gothenburg
Date of publication, distribution, etc. 2015
300 ## - PHYSICAL DESCRIPTION
Extent (e.g. Volumes, Pages etc.) viii, 255 p .,
650 ## - SUBJECT ADDED ENTRY--TOPICAL TERM
Topical term or geographic name entry element Vellalah Identity
650 ## - SUBJECT ADDED ENTRY--TOPICAL TERM
Topical term or geographic name entry element Caste
650 ## - SUBJECT ADDED ENTRY--TOPICAL TERM
Topical term or geographic name entry element Negotiation
650 ## - SUBJECT ADDED ENTRY--TOPICAL TERM
Topical term or geographic name entry element Tamils
650 ## - SUBJECT ADDED ENTRY--TOPICAL TERM
Topical term or geographic name entry element Nation-building
650 ## - SUBJECT ADDED ENTRY--TOPICAL TERM
Topical term or geographic name entry element Identification Area
942 ## - Koha item type (Biblio)
Koha item type Books in Stacks (Lending)
Holdings
Lost status Damaged status Collection code Home library Current library Date acquired Full call number Accession Number Item type
    Lending WERC Library WERC Library 06/13/2024 305 CAS 6928 Books in Stacks (Lending)

© WERC Library